| 000 | 00543nam a22001697a 4500 | ||
|---|---|---|---|
| 003 | BD-DhUL | ||
| 005 | 20190916115530.0 | ||
| 008 | 190509s1916 ii ||||| |||| 00| 0 urd d | ||
| 040 |
_aBD-DhUL _cBD-DhUL |
||
| 082 |
_a954.02 _bZAT |
||
| 100 | 1 | _aذکاء اللہ، خان بہادر | |
| 245 | 1 | 0 |
_aتاریخ ہندوستان : _cخان بہادر ذکاء اللہ _bجلد ۳ / |
| 260 |
_aعلی گڑھ : _bمطبع انٹی ٹوٹ، _c۔۱۹۱۶ |
||
| 300 |
_aحصہ ۳ ؛ _c۲۲ سم۔ |
||
| 650 | 4 |
_aIndia _vHistory. |
|
| 942 |
_2ddc _cBK |
||
| 999 |
_c249777 _d249777 |
||